Apuntes para una historiografía del mestizaje en Honduras /

Salvato in:
Dettagli Bibliografici
Autore principale: Euraque, Darío A.
Natura: testo
Tags: Aggiungi Tag
Nessun Tag, puoi essere il primo ad aggiungerne!!

MARC

LEADER 00000 a a2200000 04500
001 8620
003
040
100 |a Euraque, Darío A.  
245 |a Apuntes para una historiografía del mestizaje en Honduras /  |c Darío A. Euraque 
773 |g volumen 5, número 19; páginas 105-117  
999 |c 30213  |d 30213